Nazwij pasujące azjatyckie państwo - Statystyki

Ogólne statystyki
  • Ten quiz został rozwiązany 17 091 razy
  • Średni wynik to 15 z 20
Statystyki odpowiedzi
Nazwij azjatyckie państwo... Państwo % Poprawnych
w którym żyje ponad miliard osób: Chiny | Indie
100%
które graniczy z Iranem: Afganistan | Armenia | Azerbejdżan | Irak | Pakistan | Turcja | Turkmenistan
94%
którego nazwa ma co najmniej 2 słowa: Arabia Saudyjska | Korea Południowa | Korea Północna | Sri Lanka | Timor Wschodni | Zjednoczone Emiraty Arabskie
92%
które było częścią ZSRR: Armenia | Azerbejdżan | Gruzja | Kazachstan | Kirgistan | Tadżykistan | Turkmenistan | Uzbekistan
91%
które graniczy z Chinami i Rosją: Kazachstan | Korea Północna | Mongolia
88%
które używa angielskiego jako swojego języka urzędowego: Brunei | Indie | Pakistan | Filipiny | Singapur
82%
w którym żyje mniej niż milion osób: Bhutan | Brunei | Malediwy
79%
którego stolica ma co najmniej 2 słowa: Brunei | Indie | Kambodża | Malezja | Mongolia | Sri Lanka | Zjednoczone Emiraty Arabskie
76%
które ma spory terytorialne z Chinami: Bhutan | Brunei | Indie | Indonezja | Japonia | Malezja | Filipiny | Tajwan | Wietnam
75%
którego nazwa zawiera literę "y": Arabia Saudyjska | Chiny | Cypr | Filipiny | Malediwy | Syria | Tadżykistan | Zjednoczone Emiraty Arabskie
74%
przez które przepływa Mekong: Chiny | Mjanma | Laos | Tajlandia | Kambodża | Wietnam
72%
w którym oczekiwana długość życia wynosi mniej niż 68 lat: Afganistan | Jemen | Laos | Mjanma | Pakistan | Syria | Turkmenistan
71%
którego powierzchnia wynosi mniej niż 50,000km2: Armenia | Bahrajn | Bhutan | Brunei | Cypr | Izrael | Katar | Kuwejt | Liban | Malediwy | Singapur | Tajwan | Timor Wschodni
71%
które jest członkiem NATO: Turcja
70%
którego dochód (PPP) na osobę wynosi co najmniej 100 000$: Katar | Singapur
69%
które ma tereny na równiku: Indonezja
66%
które ma rocznie mniej niż 150mm opadów: Arabia Saudyjska | Bahrajn | Katar | Kuwejt | Oman | Zjednoczone Emiraty Arabskie
63%
które leży nad Morzem Kaspijskim: Azerbejdżan | Iran | Kazachstan | Turkmenistan
62%
które jest rządzone przez monarchę absolutnego: Arabia Saudyjska | Brunei | Oman | Katar
61%
którego stolica zaczyna się na literę "K": Afganistan | Kuwejt | Malezja | Nepal
56%
Nie znaleziono quizów pasujących do podanych kryteriów
Rozkład punktacji
Procent ludzi z każdym wynikiem
Percentyl według liczby udzielonych odpowiedzi
Twoja historia wyników
Nie rozwiązałeś tego quizu